Holding ako forma organizácie podnikania

Skupina podnikov alebo holding - špecifická forma organizácie podnikania. Spočíva v ekonomickom ovládnutí inej spoločnosti. Vzniká akvizíciou, teda kúpou podielu v už existujúcej firme alebo založením novej firmy. Zvýšenie kapitálovej a trhovej sily podniku, synergického efektu vzájomnej súčinnosti...

Ausführliche Beschreibung

Gespeichert in:
Bibliographische Detailangaben
1. Verfasser: Šnircová, Jana, 1971-
Format: Buchkapitel
Sprache:Slowakisch
Englisch
Schlagworte:
Tags: Tag hinzufügen
Keine Tags, Fügen Sie das erste Tag hinzu!

MARC

LEADER 00000naa a2200000 4500
001 r036699
005 20230426114538.2
041 0 |a slo 
041 0 |a eng 
044 |a SK 
245 1 0 |a Holding ako forma organizácie podnikania  |c Jana Šnircová 
520 |a Skupina podnikov alebo holding - špecifická forma organizácie podnikania. Spočíva v ekonomickom ovládnutí inej spoločnosti. Vzniká akvizíciou, teda kúpou podielu v už existujúcej firme alebo založením novej firmy. Zvýšenie kapitálovej a trhovej sily podniku, synergického efektu vzájomnej súčinnosti združených podnikov a diverzifikácie rizika podnikania. 
610 2 0 |a holding 
610 2 0 |a podnikanie 
610 2 0 |a združenia podnikov 
610 2 0 |a spoločnosti dcérske 
610 2 0 |a spoločnosti materské 
610 2 0 |a kapitál finančný 
610 2 0 |a riziko podnikateľské 
100 1 |a Šnircová, Jana, 1971-